[Event "Bad Griesbach Seniors op 10th"]
[Site "Bad Griesbach"]
[Date "2007.12.07"]
[Round "6"]
[White "Macher, Claus"]
[Black "Berchtold, Johann"]
[Result "1-0"]
[WhiteElo "1913"]
[BlackElo "1828"]
[PlyCount "54"]
[EventDate "2007.12.02"]
[EventType "swiss"]
[EventRounds "7"]
[EventCountry "GER"]
[SourceTitle "EXT 2015"]
[Source "ChessBase"]
[SourceDate "2014.11.20"]
[SourceVersion "1"]
[SourceVersionDate "2014.11.20"]
[SourceQuality "1"]

1. d4 Nf6 2. c4 e6 3. Nf3 b6 4. g3 Bb7 5. Bg2 d6 6. Nc3 Nbd7 7. Qc2 Be7 8. 0-0 e5 9. Rd1 exd4 10. Nxd4 Bxg2 11. Kxg2 0-0 12. b3 Re8 13. Bb2 Qc8 14. Nf5 Bf8 15. Nd5 Re6 16. Kg1 g6 17. Nd4 Re8 18. Nb5 Nxd5 19. cxd5 Nc5 20. Qc3 Re5 21. f4 Ne4 22. Qd4 Qg4 23. fxe5 Bg7 24. Qe3 dxe5 25. Qf3 Qd7 26. Qxe4 Qxb5 27. d6 cxd6 1-0

[Event "Bad Griesbach Seniors op 09th"]
[Site "Bad Griesbach"]
[Date "2006.12.09"]
[Round "7"]
[White "Berchtold, Johann"]
[Black "Koenigl, Anton"]
[Result "1-0"]
[WhiteElo "1781"]
[BlackElo "1740"]
[PlyCount "81"]
[EventDate "2006.12.03"]
[EventType "swiss"]
[EventRounds "7"]
[EventCountry "GER"]
[SourceTitle "EXT 2015"]
[Source "ChessBase"]
[SourceDate "2014.11.20"]
[SourceVersion "1"]
[SourceVersionDate "2014.11.20"]
[SourceQuality "1"]

1. c4 e5 2. Nc3 Nf6 3. g3 d5 4. cxd5 Nxd5 5. Bg2 Nb6 6. Nf3 Nc6 7. d3 Be7 8. Be3 Be6 9. Rc1 0-0 10. 0-0 f6 11. b3 Nd4 12. Bxd4 exd4 13. Ne4 Rb8 14. Qc2 Ba3 15. Rb1 Bf7 16. Nfd2 f5 17. Nc5 Bxc5 18. Qxc5 c6 19. Nf3 Bd5 20. Nxd4 Bxg2 21. Kxg2 Qd7 22. Nf3 Rfe8 23. Rfe1 Rbd8 24. d4 Qc8 25. e3 Qe6 26. Ne5 Qd5+ 27. Qxd5+ Nxd5 28. a3 a6 29. Rec1 Nf6 30. f3 Nd5 31. Kf2 Nc7 32. b4 Rd5 33. Rc5 Red8 34. Rxd5 Nxd5 35. Rc1 g6 36. e4 fxe4 37. fxe4 Nf6 38. Ke3 Nh5 39. Rf1 Kg7 40. Rf7+ Kg8 41. Rxb7 1-0

[Event "Bad Griesbach Seniors op 09th"]
[Site "Bad Griesbach"]
[Date "2006.12.08"]
[Round "6"]
[White "Winkler, Karl Heinz"]
[Black "Berchtold, Johann"]
[Result "1-0"]
[WhiteElo "1701"]
[BlackElo "1781"]
[PlyCount "61"]
[EventDate "2006.12.03"]
[EventType "swiss"]
[EventRounds "7"]
[EventCountry "GER"]
[SourceTitle "EXT 2015"]
[Source "ChessBase"]
[SourceDate "2014.11.20"]
[SourceVersion "1"]
[SourceVersionDate "2014.11.20"]
[SourceQuality "1"]

1. c4 Nf6 2. Nc3 e5 3. e4 c6 4. a3 d5 5. cxd5 cxd5 6. Bb5+ Nc6 7. Qe2 d4 8. Na2 a6 9. Bxc6+ bxc6 10. d3 c5 11. Nf3 Bd6 12. h3 Rb8 13. 0-0 0-0 14. Nd2 Be6 15. Nc4 Bxc4 16. dxc4 h6 17. Rb1 Qc7 18. Bd2 Qc6 19. f3 Nh5 20. Qe1 Qa4 21. g4 Nf4 22. Bxf4 exf4 23. Qe2 Rb3 24. Nc1 Re3 25. Qd2 Qxc4 26. b3 Qb5 27. a4 Qb6 28. Nd3 f6 29. Kf2 Rb8 30. Qc2 Kh7 31. Rfc1 1-0

[Event "Bad Griesbach Seniors op 09th"]
[Site "Bad Griesbach"]
[Date "2006.12.05"]
[Round "3"]
[White "Berchtold, Johann"]
[Black "Ulmer, Heinz"]
[Result "1-0"]
[WhiteElo "1781"]
[BlackElo "1656"]
[PlyCount "65"]
[EventDate "2006.12.03"]
[EventType "swiss"]
[EventRounds "7"]
[EventCountry "GER"]
[SourceTitle "EXT 2015"]
[Source "ChessBase"]
[SourceDate "2014.11.20"]
[SourceVersion "1"]
[SourceVersionDate "2014.11.20"]
[SourceQuality "1"]

1. c4 c6 2. Nc3 e6 3. d4 d5 4. Nf3 Nf6 5. Bg5 Be7 6. e3 Nbd7 7. Bd3 0-0 8. 0-0 b6 9. Rc1 Bb7 10. cxd5 Nxd5 11. Bxe7 Nxc3 12. bxc3 Qxe7 13. Bb1 c5 14. e4 Rfd8 15. Re1 Qd6 16. e5 Qe7 17. Qd3 g6 18. Qe3 Kg7 19. Ng5 Rac8 20. Be4 Bd5 21. Bxd5 exd5 22. e6 Nf8 23. Nxf7 Qxe6 24. Qh6+ Kxf7 25. Rxe6 Kxe6 26. Re1+ Kd6 27. Qf4+ Kc6 28. Re7 a5 29. a4 b5 30. Qf6+ Rd6 31. axb5+ Kxb5 32. Qxd6 Kc4 33. Qa6+ 1-0

[Event "Bad Griesbach Seniors op 09th"]
[Site "Bad Griesbach"]
[Date "2006.12.04"]
[Round "2"]
[White "Harke, Horst"]
[Black "Berchtold, Johann"]
[Result "0-1"]
[WhiteElo "1538"]
[BlackElo "1781"]
[PlyCount "66"]
[EventDate "2006.12.03"]
[EventType "swiss"]
[EventRounds "7"]
[EventCountry "GER"]
[SourceTitle "EXT 2015"]
[Source "ChessBase"]
[SourceDate "2014.11.20"]
[SourceVersion "1"]
[SourceVersionDate "2014.11.20"]
[SourceQuality "1"]

1. d4 Nf6 2. c4 e6 3. Nc3 Bb4 4. Qc2 d5 5. e3 0-0 6. a3 Bxc3+ 7. Qxc3 b6 8. cxd5 Nxd5 9. Qc2 Ba6 10. Bxa6 Nxa6 11. Nf3 c5 12. 0-0 Rc8 13. Qa4 Ndc7 14. dxc5 Nxc5 15. Qc2 Qf6 16. Bd2 e5 17. Bc3 Rfe8 18. Rfd1 Nb5 19. Rac1 h6 20. Rd5 Nxc3 21. bxc3 e4 22. Ne1 Qe6 23. Rcd1 Qe7 24. g3 Rc6 25. Ng2 Nd3 26. Qb3 Rec8 27. Ne1 Rxc3 28. Qb5 Rc1 29. R5xd3 exd3 30. Qxd3 Rxd1 31. Qxd1 Qxa3 32. Qd7 Rc1 33. Qe8+ Qf8 0-1

[Event "Bad Griesbach Seniors op 09th"]
[Site "Bad Griesbach"]
[Date "2006.12.03"]
[Round "1"]
[White "Berchtold, Johann"]
[Black "Alefs, Heinz"]
[Result "0-1"]
[WhiteElo "1781"]
[BlackElo "1682"]
[PlyCount "84"]
[EventDate "2006.12.03"]
[EventType "swiss"]
[EventRounds "7"]
[EventCountry "GER"]
[SourceTitle "EXT 2015"]
[Source "ChessBase"]
[SourceDate "2014.11.20"]
[SourceVersion "1"]
[SourceVersionDate "2014.11.20"]
[SourceQuality "1"]

1. c4 c5 2. Nc3 Nc6 3. g3 Nf6 4. Bg2 e6 5. Nf3 d5 6. cxd5 Nxd5 7. 0-0 Be7 8. d4 cxd4 9. Nxd4 Nxd4 10. Qxd4 Bf6 11. Qd3 Nxc3 12. Qxd8+ Kxd8 13. bxc3 Bxc3 14. Rb1 Ke7 15. Ba3+ Kf6 16. Rb3 Bd4 17. Bxb7 Rb8 18. Be4 Rxb3 19. axb3 Ba6 20. Rd1 Bb6 21. e3 Rc8 22. Rd7 e5 23. Rd6+ Kg5 24. h4+ Kg4 25. Kg2 f6 26. Bf3+ Kf5 27. Bd5 Rd8 28. e4+ Kg6 29. Re6 Rd7 30. Re8 Rd8 31. Re7 Rc8 32. Bf7+ Kh6 33. Bb4 Rc2 34. Be1 Re2 35. Bb4 Rxf2+ 36. Kh1 Be2 37. Bd2+ g5 38. hxg5+ fxg5 39. Bxg5+ Kxg5 40. Bg8 Bf3+ 41. Kg1 Rg2+ 42. Kf1 Rg1# 0-1

[Event "Bad Griesbach Seniors op 08th"]
[Site "Bad Griesbach"]
[Date "2005.12.09"]
[Round "6"]
[White "Berchtold, Johann"]
[Black "Weinwurm, Wolfgang"]
[Result "1-0"]
[WhiteElo "1773"]
[BlackElo "1863"]
[PlyCount "76"]
[EventDate "2005.12.04"]
[EventType "swiss"]
[EventRounds "9"]
[EventCountry "GER"]
[SourceTitle "EXT 2015"]
[Source "ChessBase"]
[SourceDate "2014.11.20"]
[SourceVersion "1"]
[SourceVersionDate "2014.11.20"]
[SourceQuality "1"]

1. c4 Nf6 2. Nc3 g6 3. g3 Bg7 4. Bg2 0-0 5. Nf3 d6 6. d4 Nc6 7. 0-0 a6 8. e4 Bg4 9. h3 Bxf3 10. Bxf3 e5 11. d5 Nd4 12. Be2 c5 13. Rb1 Qc7 14. b3 Ne8 15. f4 f5 16. fxe5 dxe5 17. Bb2 Nd6 18. g4 f4 19. Bf3 b5 20. cxb5 axb5 21. Rc1 Rfc8 22. Rf2 Qe7 23. Rg2 Bf6 24. a4 b4 25. Nb1 Bh4 26. Nd2 Bg3 27. Nc4 Nxc4 28. Rxc4 Qh4 29. Bxd4 cxd4 30. Qf1 Be1 31. Be2 Bd2 32. Kh2 f3 33. Bxf3 Bf4+ 34. Kg1 Be3+ 35. Kh2 Bf4+ 36. Kg1 Rf8 37. Rcc2 Qxh3 38. Rgf2 Bg3 1-0